Elementos de física y química /

Guardado en:
Autor Principal: Depau, Carmen
Otros Autores: Tonelli, Lidia, Cavalchino, Adelba
Formato: Libro
Publicado: Buenos Aires : Plus Ultra, 1985
Materias:
Etiquetas: Agregar Etiqueta
Sin Etiquetas, Sea el primero en etiquetar este registro!
LEADER 01469nam a22002535a 4500
001 CEM.cems017815
005 20120704103839.0
008 130507s1985##################000#0#####d
003 CEMS
020 |a 9502106423 
082 0 4 |a 541 
100 1 |a Depau, Carmen 
245 1 0 |a Elementos de física y química /  |c Carmen Depau, Lidia Tonelli y Adelba Cavalchino 
260 |a Buenos Aires :  |b Plus Ultra,  |c 1985 
300 |a 429 p. 
500 |a Para segundo año de Ciclo Básico 
505 0 |a Calor y temperatura -- Calorimetría -- Combustión -- Oxidos -- Acidos y bases -- Neutralización -- El Carbono -- Combustibles -- Combustibles sólidos -- Combustibles líquidos -- Combustibles gaseosos -- Combustibles del futuro -- Electricidad -- Campo eléctrico -- Potencial eléctrico -- Corriente eléctrica -- Transformación de la energía química en eléctrica -- Resistencias -- Efectos de la corriente eléctrica -- Magnetismo -- Electromagnetismo -- Optica -- Optica geométrica -- Optica física -- Otras formas de energía -- Energía hidroeléctrica -- Energía nuclear del átomo -- Centrales nucleoeléctricas -- Energía solar -- Una energía no convencional renovable -- Energía geotérmica -- Energía eólica -- Energía marina 
653 |a Física 
653 |a Química 
653 |a Energía 
653 |a Energía-argentina 
700 1 |a Tonelli, Lidia 
700 1 |a Cavalchino, Adelba 
859 |a CEMS  |b BIB. CEMS - Agricultura  |h 541  |i D440  |p A1566.12  |t Ej.1